MDQL
is popping MORE tags! Check the
thread
!
Quizzes
Events
Quiz Creation
Community
Videos
Private Events
Remove Ads
Sign In
Join for FREE
Feedback
Dark Mode
Quiz Categories
Sports
Geography
Music
Movies
Television
Just For Fun
Miscellaneous
History
Literature
Language
Science
Gaming
Entertainment
Religion
Holiday
For Kids
Quiz Lab
Recent
Popular Today
Quiz Kudos Today
Editor Picks
Curator Picks
Quizzes by...
Day
Popularity
Type
Ratings
Length
Year
Community
Subscriptions
Recent Discussions
Orange Saloon
Badges
Playlists
Quests
Create
Leaderboards
Showdown
Live 5
Trivia Bingo
Activity
Puzzle Library
Sporcle Events
Private Events
Virtual Trivia
Globe League
Become a Host
Pub Owners
SporcleCon
Opinionation
Our Games
Videos
Blog
Mobile Apps
Partnerships
Remove Ads and Go Orange
Feedback
Sports
Athletes
MLB
NBA
NHL
NFL
Soccer
Sports Teams
WWE
NCAA
Football
Premier League
Basketball
Baseball
Hockey
Golf
Tennis
Cricket
Rugby
Auto Racing
Olympics
World Cup
Sports
Athletes
MLB
NBA
NHL
NFL
Soccer
Sports Teams
WWE
NCAA
Football
Premier League
Basketball
Baseball
Hockey
Golf
Tennis
Cricket
Rugby
Auto Racing
Olympics
World Cup
Random Quiz
Search Sporcle
×
Quiz Lab
Quiz Lab
Sports
Baseball
Type in answers that appear in a list
Type in answers that appear in a list
Classic
Best Score? Go Orange.
MLB Players 35 & older, that had a WAR of 1.0 in 2013 Stats
Can you name the MLB Players 35 & older, that had a WAR of 1.0 or higher in 2013
By
JWilson7
5m
26 Questions
382 Plays
382 Plays
382 Plays
Comments
Comments
Give Quiz Kudos
Give Quiz Kudos
-
- Ratings
hide this ad
Replay
Link that replays current quiz
Next Quiz
Link to next quiz in quiz playlist
You Got
0%
They Got
Avg Score
46%
Avg Friend Score
Upgrade to see
Score Distribution
Jump to the score distribution portion of the page
Score
0/26
Timer
05:00
0
Plays Today
WAR
Player
% Correct
4.4
David Ortiz
87.4%
2.5 (P)
Mariano Rivera
85.6%
5.0 (P)
Bartolo Colon
84%
2.4
Alfonso Soriano
76.7%
2.5 (P)
Andy Pettitte
71.2%
5.0
Marlon Byrd
69.6%
2.4
Carlos Beltran
64.4%
1.7 (P)
A.J. Burnett
63.6%
4.1 (P)
Hiroki Kuroda
63.1%
2.5 (P)
Bronson Arroyo
56.8%
1.0 (P)
Tim Hudson
52.9%
2.0 (P)
R.A. Dickey
48.2%
3.2 (P)
Joe Nathan
46.3%
WAR
Player
% Correct
3.0
Mark Ellis
43.7%
3.6 (P)
Koji Uehara
43.5%
2.1
Torii Hunter
41.4%
1.4
Ichiro Suzuki
40.6%
2.8 (P)
Joaquin Benoit
30.4%
1.7 (P)
Bruce Chen
26.2%
2.4
Marco Scutaro
24.3%
1.4 (P)
Grant Balfour
23%
1.6
A.J. Pierzynski
21.5%
1.2 (P)
Scott Downs
11.3%
2.2
Nick Punto
8.6%
1.2 (P)
Randy Choate
8.6%
1.2 (P)
Jason Frasor
4.5%
Quiz Playlist
Details
Report
Send in Message
Add To Playlist
Classic:
Type in answers that appear in a list
Last Updated: Feb 16, 2017
Quiz Scoreboard
CHALLENGE
Sign Up to Join the Scoreboard
Show All
Scores
Hide
Comments
May contain spoilers
Recently Published
Holiday 10x10 Sorting Gallery
by lukepisani3
Holiday
15m
Two Season TV Shows II
by 123Four
Television
10m
Image Sorting: Flags VI
by Barbecue
Geography
2m
More to Explore
Quiz From the Vault
Featured Blog Post
14 Easter Pick-up Lines to Find Eggs With
hide this ad
You Might Also Like...
Tags
Baseball Quiz
MLB Quiz
War Quiz
2013
MLB All-Star
MLB Player
old
oldest
season
Season Leaders
Wins Above Replacement
Today's Top Quizzes in Sports
Browse Sports
hide this ad
Today's Top Quizzes in Baseball
Browse Baseball
Top Contributed Quizzes in Sports
1
Les meilleurs buteurs des matchs entre le PSG et l’OM
2
Les entraîneurs de l'OM et du PSG au 21e siècle
3
2022 World Cup Stars
4
Les joueurs passés par le PSG et l'OM
5
Players with Multiple 50 Home Run Seasons
6
FIFA Club World Cup Champions
7
Top 10 NHL Goal Scorers of All Time
8
Les joueurs passés par le LOSC et le RC Lens
9
Criteria MLB: Left Handed Sluggers
10
2023 MLB Unique Player Accomplishments
Explore More
Trending Topics
NBA
Anime
Crossword
Marvel
Disney
Kpop
Harry Potter
NFL
Song
WWE
Puzzle
Pokémon
Country
Soccer
The Office
hide this ad
More By:
JWilson7
Quiz
Plays
Rating
Category
Featured
Created
Active MLB Players with 1,000 RBIs
84,722
4.41
Sports
Jun 22, 2013
MLB Leaders Not in HOF
41,990
4.74
Sports
Feb 27, 2017
NFL Players with 500+ Receptions for One Team
41,655
4.65
Sports
Jul 7, 2016
MLB 3-Decade All-Stars
23,135
4.62
Sports
Jan 13, 2018
Active 5x All-Stars (NBA)
11,715
4.55
Sports
Dec 13, 2013
Go to Creator's Profile
Score Distribution
Quiz Creator Spotlight
JWilson7
Follow
Send a Message
Quizzes Created
-
Created Quiz Play Count
-
More By This Creator
Popular Quizzes Today
1
Find the US States - No Outlines Minefield
2
Colored Red Africa Blitz
3
Find the 'City' Movie
4
The Countries of the World
5
Find the US States
6
5x2 Blitz: Bands
7
Find the Countries of Europe - No Outlines Minefield
8
US States
More Sports Quizzes
Most NFC Championship Game Appearances
Published
Trending Quizzes
Colored Red Europe Blitz I
Colored Red Europe Blitz II
Colored Red Africa Blitz II
Colored Red Europe Blitz III
Colored Red Africa Blitz III
Recently Updated
Odd Team Out - Big 4 Players
pecheneg
Quick Pick: 20 Twenties
pecheneg
March Madness Men's Triple Doubles
pecheneg
How Do You Spell That?
pecheneg
Godzilla Movies
pecheneg
Grab Bag: 4-10 Letters
pecheneg
2024 March Madness Bracket
pecheneg
Famous TV Couples
Peacemaker
Champions League XIs: Real Madrid
pecheneg
Largest US Cities 1790-2010
pecheneg
Trending Topics
NBA
Kpop
Marvel
Anime
Crossword
Harry Potter
Disney
The Office
Puzzle
Pokémon
Country
Soccer
NFL
Song
WWE
Your Account Isn't Verified!
In order to create a playlist on Sporcle, you need to verify the email address you used during registration. Go to your
Sporcle Settings
to finish the process.
Report this User
Report this user for behavior that violates our
Community Guidelines
.
Details:
Send Report
Go to the Sporcle.com Mobile Site →
Comments